[Event "White Nights Open 2006"]
[Site "St. Petersburg RUS"]
[Date "2006.06.26"]
[Round "4.18"]
[White "Vunder, Andrey"]
[Black "Zuttis, Sergey"]
[Result "1/2-1/2"]
[WhiteElo "2293"]
[BlackElo "2097"]
[PlyCount "31"]
[EventDate "2006.06.22"]
[EventType "swiss"]
[EventRounds "9"]
[EventCountry "RUS"]
[Source "lmi"]
[SourceDate "2006.06.29"]

1. d4 f5 2. c4 Nf6 3. Nc3 g6 4. h4 Bg7 5. h5 Nxh5 6. e4 Nf6 7. exf5 d6 8. fxg6
hxg6 9. Rxh8+ Bxh8 10. Bd3 Bf5 11. Bxf5 gxf5 12. Qf3 Nc6 13. Nge2 Qd7 14. Be3
O-O-O 15. O-O-O Ng4 16. Kb1 1/2-1/2

[Event "White Nights Open 2006"]
[Site "St. Petersburg RUS"]
[Date "2006.06.26"]
[Round "4.19"]
[White "Nikolaev, Yury"]
[Black "Orlov, Nikolay I"]
[Result "0-1"]
[WhiteElo "2110"]
[BlackElo "2279"]
[PlyCount "68"]
[EventDate "2006.06.22"]
[EventType "swiss"]
[EventRounds "9"]
[EventCountry "RUS"]
[Source "lmi"]
[SourceDate "2006.06.29"]

1. e4 c5 2. Nf3 e6 3. d4 cxd4 4. Nxd4 a6 5. Nc3 Qc7 6. Be3 Nf6 7. Bd3 Nc6 8.
Nxc6 bxc6 9. Bg5 Rb8 10. Bxf6 gxf6 11. Qf3 Qe5 12. Nd1 Ba3 13. O-O Bxb2 14.
Nxb2 Rxb2 15. Qg4 Qg5 16. Qxg5 fxg5 17. Rfb1 Rxb1+ 18. Rxb1 Kd8 19. e5 Kc7 20.
f4 gxf4 21. Rf1 f6 22. exf6 e5 23. g4 d5 24. Be2 Rf8 25. g5 Bh3 26. Rf3 Bg4 27.
Rf2 Bxe2 28. Rxe2 Kd6 29. Rf2 Ke6 30. Rf3 h6 31. Rc3 hxg5 32. Rxc6+ Kf5 33.
Rxa6 Rxf6 34. Ra8 Rc6 0-1

[Event "White Nights Open 2006"]
[Site "St. Petersburg RUS"]
[Date "2006.06.26"]
[Round "4.20"]
[White "Serov, Maksim"]
[Black "Maznov, Sergey"]
[Result "1-0"]
[WhiteElo "2263"]
[BlackElo "2064"]
[PlyCount "65"]
[EventDate "2006.06.22"]
[EventType "swiss"]
[EventRounds "9"]
[EventCountry "RUS"]
[Source "lmi"]
[SourceDate "2006.06.29"]

1. d4 e6 2. g3 d5 3. Bg2 f5 4. c4 Nf6 5. Nf3 c6 6. O-O Be7 7. b3 O-O 8. Ba3 Ne4
9. Ne5 Nd7 10. Nd3 dxc4 11. bxc4 Bxa3 12. Nxa3 Qe7 13. Nc2 e5 14. e3 exd4 15.
exd4 Nb6 16. Re1 Qf6 17. f3 Ng5 18. f4 Nf7 19. Ne5 Be6 20. d5 cxd5 21. cxd5 Bd7
22. Nd4 Qd6 23. a4 Rfe8 24. a5 Nxd5 25. Nxf5 Qc5+ 26. Qd4 Qxd4+ 27. Nxd4 Nf6
28. Nxd7 Nxd7 29. Bxb7 Rxe1+ 30. Rxe1 Rd8 31. Nc6 Rf8 32. Nxa7 Nf6 33. a6 1-0

[Event "White Nights Open 2006"]
[Site "St. Petersburg RUS"]
[Date "2006.06.26"]
[Round "4.22"]
[White "Korchagina, Viktoria"]
[Black "Karalkin, Maksim"]
[Result "0-1"]
[WhiteElo "1998"]
[BlackElo "2228"]
[PlyCount "140"]
[EventDate "2006.06.22"]
[EventType "swiss"]
[EventRounds "9"]
[EventCountry "RUS"]
[Source "lmi"]
[SourceDate "2006.06.29"]

1. e4 e5 2. Nf3 Nc6 3. Bb5 a6 4. Ba4 Nf6 5. d4 exd4 6. O-O Be7 7. Re1 O-O 8. e5
Ne8 9. c3 d5 10. exd6 cxd6 11. Nxd4 Nxd4 12. Qxd4 Bf6 13. Qe4 Nc7 14. Bf4 Ne6
15. Bg3 Nc5 16. Qc2 g6 17. Bb3 d5 18. Na3 Bf5 19. Qd2 d4 20. Be5 Nxb3 21. axb3
Bxe5 22. Rxe5 dxc3 23. Qxc3 Rc8 24. Qe3 b5 25. Re1 Qf6 26. Qf4 Kg7 27. h3 Rfd8
28. g4 Be6 29. Qe3 Rd5 30. Rxd5 Bxd5 31. Qd3 Qf3 32. Qxf3 Bxf3 33. Re3 Bd5 34.
Rd3 Rc1+ 35. Kh2 Be6 36. b4 Re1 37. Rd2 Re4 38. Nc2 Rc4 39. Kg3 h5 40. f3 Kf6
41. Re2 Ke7 42. Ne3 Rd4 43. gxh5 Kf6 44. hxg6 Kxg6 45. Nc2 Rc4 46. Rd2 Bf5 47.
Ne3 Rxb4 48. Rd6+ Be6 49. Nd5 Rxb2 50. Nf4+ Kf6 51. Rxa6 b4 52. Rb6 b3 53. h4
Rb1 54. Nxe6 fxe6 55. Kg4 b2 56. Kf4 Ke7 57. Rb7+ Kd6 58. h5 e5+ 59. Kf5 e4 60.
fxe4 Rf1+ 61. Kg6 b1=Q 62. Rxb1 Rxb1 63. h6 Ke7 64. h7 Rg1+ 65. Kh6 Kf7 66.
h8=N+ Kf6 67. Kh7 Re1 68. Kg8 Rxe4 69. Kh7 Re7+ 70. Kg8 Ra7 0-1

[Event "White Nights Open 2006"]
[Site "St. Petersburg RUS"]
[Date "2006.06.26"]
[Round "4.24"]
[White "Karasev, Vladimir I"]
[Black "Eltsov, Valery"]
[Result "1-0"]
[WhiteElo "2386"]
[BlackElo "2126"]
[PlyCount "87"]
[EventDate "2006.06.22"]
[EventType "swiss"]
[EventRounds "9"]
[EventCountry "RUS"]
[Source "lmi"]
[SourceDate "2006.06.29"]

1. e3 d5 2. b3 Bf5 3. Bb2 e6 4. Nf3 h6 5. d3 Nf6 6. Nbd2 Be7 7. h3 Nc6 8. a3
Bh7 9. b4 a6 10. c4 O-O 11. Rc1 dxc4 12. Nxc4 Qd7 13. Be2 Rad8 14. Nfe5 Nxe5
15. Nxe5 Qd6 16. O-O c6 17. Qb3 Nd7 18. Nc4 Qb8 19. a4 Bf6 20. Rfd1 Bxb2 21.
Qxb2 Rc8 22. b5 axb5 23. axb5 c5 24. b6 Rfd8 25. Bf3 Nf6 26. e4 Rd4 27. e5 Nd5
28. Nd6 Rb4 29. Qa3 Rd8 30. Bxd5 exd5 31. Rxc5 Rxb6 32. Rdc1 Rc6 33. Rxd5 f6
34. Rxc6 bxc6 35. Rb5 cxb5 36. Qb3+ Kh8 37. Nf7+ Kg8 38. Nxd8+ Kh8 39. Nf7+ Kg8
40. Nxh6+ Kh8 41. Nf7+ Kg8 42. exf6 gxf6 43. Nd6+ Kg7 44. Qf7+ 1-0

[Event "White Nights Open 2006"]
[Site "St. Petersburg RUS"]
[Date "2006.06.26"]
[Round "4.25"]
[White "Abramov, Valentin"]
[Black "Toporov, Victor"]
[Result "1/2-1/2"]
[WhiteElo "2333"]
[BlackElo "2112"]
[PlyCount "43"]
[EventDate "2006.06.22"]
[EventType "swiss"]
[EventRounds "9"]
[EventCountry "RUS"]
[Source "lmi"]
[SourceDate "2006.06.29"]

1. d4 g6 2. c4 Nf6 3. Nc3 Bg7 4. e4 d6 5. Nf3 O-O 6. Be2 e5 7. O-O Nc6 8. Be3
Re8 9. d5 Nd4 10. Nxd4 exd4 11. Bxd4 Nxe4 12. Bxg7 Kxg7 13. Nxe4 Rxe4 14. Bd3
Re8 15. Qc2 Qf6 16. f4 b6 17. f5 g5 18. Kh1 Bd7 19. Rae1 Rxe1 20. Rxe1 Re8 21.
Rxe8 Bxe8 22. Qe2 1/2-1/2

[Event "White Nights Open 2006"]
[Site "St. Petersburg RUS"]
[Date "2006.06.26"]
[Round "4.26"]
[White "Vunder, Yakov"]
[Black "Skrenev, Sergey"]
[Result "1-0"]
[WhiteElo "2244"]
[BlackElo "2104"]
[PlyCount "85"]
[EventDate "2006.06.22"]
[EventType "swiss"]
[EventRounds "9"]
[EventCountry "RUS"]
[Source "lmi"]
[SourceDate "2006.06.29"]

1. c4 e5 2. g3 g6 3. d4 exd4 4. Qxd4 Qf6 5. Qe3+ Qe6 6. Qc3 Nf6 7. Bh3 Qe7 8.
Nf3 Bg7 9. O-O O-O 10. Qc2 b6 11. Nc3 Bb7 12. Bg2 d6 13. Be3 Nbd7 14. Rad1 Nc5
15. Bd4 Ne6 16. Nd5 Qd8 17. Bc3 Ne8 18. Bxg7 Kxg7 19. Qc3+ f6 20. Bh3 Kf7 21.
e4 c6 22. Ne3 Qc7 23. Rfe1 Rd8 24. Ng4 Bc8 25. b4 a6 26. Ne3 Kg8 27. Bg2 Ng5
28. Nh4 Qg7 29. f4 Nf7 30. Nf3 Nc7 31. Nd4 Bd7 32. Nb3 Rfe8 33. a4 Re7 34. a5
bxa5 35. Nxa5 Rb8 36. Nc2 c5 37. bxc5 dxc5 38. Qa3 Qf8 39. Qxc5 Bg4 40. Rb1
Rxb1 41. Rxb1 Ne6 42. Qb6 Qc8 43. Ne3 1-0

[Event "White Nights Open 2006"]
[Site "St. Petersburg RUS"]
[Date "2006.06.26"]
[Round "4.27"]
[White "Yankovsky, Roman"]
[Black "Zefirov, Vadim"]
[Result "1-0"]
[WhiteElo "2199"]
[BlackElo "2086"]
[PlyCount "107"]
[EventDate "2006.06.22"]
[EventType "swiss"]
[EventRounds "9"]
[EventCountry "RUS"]
[Source "lmi"]
[SourceDate "2006.06.29"]

1. e4 c6 2. d4 g6 3. Nc3 d6 4. f4 Nh6 5. Nf3 Bg7 6. Be3 Ng4 7. Bg1 h5 8. h3 Nh6
9. Qd2 Qa5 10. O-O-O Na6 11. Kb1 Bd7 12. e5 O-O-O 13. Qf2 d5 14. Nd2 b5 15. Nb3
Qb6 16. a4 e6 17. Qe2 Nc7 18. g4 Bf8 19. gxh5 gxh5 20. Qxh5 Bb4 21. Qf3 Nf5 22.
axb5 cxb5 23. Na2 Be7 24. Bd3 Nh4 25. Qf1 b4 26. Bf2 a5 27. Nc5 Bb5 28. Nc1 a4
29. Bxb5 Nxb5 30. Nxa4 Qa5 31. Nc5 Bxc5 32. Nb3 Qb6 33. dxc5 Qc6 34. Qe1 Nf5
35. Qxb4 Rd7 36. c4 dxc4 37. Qxc4 Rhd8 38. Rc1 Ra7 39. Rhd1 Rxd1 40. Rxd1 Ra4
41. Qd3 Qe4 42. Qxe4 Rxe4 43. c6 Rb4 44. Rd3 Nc7 45. Nd4 Ne7 46. Be1 Rb8 47.
Bh4 Ned5 48. Bg5 Nb5 49. h4 Kc7 50. Nxb5+ Rxb5 51. h5 Kxc6 52. h6 Rb8 53. Rxd5
Kxd5 54. Bf6 1-0

[Event "White Nights Open 2006"]
[Site "St. Petersburg RUS"]
[Date "2006.06.26"]
[Round "4.28"]
[White "Sichinava, Zviad"]
[Black "Bystryakova, Elena V"]
[Result "1-0"]
[WhiteElo "2021"]
[BlackElo "2191"]
[PlyCount "65"]
[EventDate "2006.06.22"]
[EventType "swiss"]
[EventRounds "9"]
[EventCountry "RUS"]
[Source "lmi"]
[SourceDate "2006.06.29"]

1. d4 d5 2. Nf3 e6 3. g3 Nf6 4. Bg2 Be7 5. O-O O-O 6. c4 dxc4 7. Ne5 Nbd7 8.
Nxc4 Rb8 9. Nc3 b6 10. Bf4 Bb7 11. e4 Ba8 12. a4 a6 13. Qe2 Ne8 14. h4 b5 15.
axb5 axb5 16. Ne5 Nxe5 17. dxe5 c6 18. Be3 Rb7 19. f4 Qb8 20. f5 Bd8 21. Qf2
Bc7 22. Bc5 Bxe5 23. Bxf8 Kxf8 24. fxe6 f6 25. Qc5+ Kg8 26. Qxc6 Nd6 27. Nd5
Bxb2 28. Rxa8 Qxa8 29. Qxd6 Be5 30. Qc5 Bxg3 31. e5 Qa7 32. Qxa7 Rxa7 33. Rc1
1-0

[Event "White Nights Open 2006"]
[Site "St. Petersburg RUS"]
[Date "2006.06.26"]
[Round "4.29"]
[White "Kuzmin, Yury"]
[Black "Goganov, Aleksey"]
[Result "0-1"]
[WhiteElo "2000"]
[BlackElo "2175"]
[PlyCount "114"]
[EventDate "2006.06.22"]
[EventType "swiss"]
[EventRounds "9"]
[EventCountry "RUS"]
[Source "lmi"]
[SourceDate "2006.06.29"]

1. d4 d5 2. Nf3 Nf6 3. Bf4 e6 4. Nbd2 c5 5. c3 Nc6 6. e3 Bd6 7. Bxd6 Qxd6 8.
Bd3 O-O 9. O-O e5 10. dxe5 Nxe5 11. Nxe5 Qxe5 12. Qf3 Bg4 13. Qg3 Qxg3 14. hxg3
Rfe8 15. Rfe1 Rad8 16. f3 Bd7 17. e4 dxe4 18. Nxe4 Nxe4 19. Bxe4 Be6 20. b3 Re7
21. Rad1 Red7 22. Rxd7 Rxd7 23. Bf5 Rd2 24. Bxe6 fxe6 25. Rxe6 Rxa2 26. Re7 b5
27. c4 b4 28. Rc7 Ra3 29. Rxc5 Rxb3 30. Rc8+ Kf7 31. Rc7+ Kf6 32. Rxa7 Rc3 33.
Rc7 b3 34. Rb7 Ke5 35. Kh2 Kd4 36. Rxg7 Rxc4 37. Rxh7 Kc3 38. Re7 b2 39. Re1
Kd2 40. Rb1 Kc2 41. Rxb2+ Kxb2 42. g4 Kc3 43. Kg3 Kd4 44. Kf4 Kd5+ 45. Kf5 Kd6
46. g5 Ke7 47. f4 Kf7 48. g6+ Kg7 49. Kg5 Rc2 50. g4 Rf2 51. Kf5 Kh6 52. g7
Kxg7 53. Kg5 Ra2 54. Kh5 Kf6 55. g5+ Kf5 56. Kh6 Ra6+ 57. Kh7 Rg6 0-1

[Event "White Nights Open 2006"]
[Site "St. Petersburg RUS"]
[Date "2006.06.26"]
[Round "4.30"]
[White "Mukhlisov, Vladislav"]
[Black "Matrosov, Vladimir"]
[Result "0-1"]
[WhiteElo "2140"]
[BlackElo "2082"]
[PlyCount "62"]
[EventDate "2006.06.22"]
[EventType "swiss"]
[EventRounds "9"]
[EventCountry "RUS"]
[Source "lmi"]
[SourceDate "2006.06.29"]

1. d4 e6 2. c4 f5 3. g3 Nf6 4. Bg2 c6 5. Nf3 d5 6. Bf4 Bd6 7. Bxd6 Qxd6 8. Nbd2
O-O 9. O-O Bd7 10. Qc2 Be8 11. e3 Nbd7 12. Rac1 Ne4 13. Ne1 Bh5 14. f3 Nxd2 15.
Qxd2 dxc4 16. Rxc4 e5 17. Qc1 Bf7 18. dxe5 Nxe5 19. Rd4 Qe7 20. a3 Rad8 21. Rh4
Rd7 22. Bh3 Be6 23. Qc3 Qf6 24. Ng2 Rfd8 25. Nf4 Bf7 26. Ng2 Rd3 27. Qa5 Rd1
28. Ne1 Bc4 29. Rf2 b6 30. Qc3 R8d3 31. Qb4 c5 0-1

[Event "White Nights Open 2006"]
[Site "St. Petersburg RUS"]
[Date "2006.06.26"]
[Round "4.31"]
[White "Kostyuchenko, Vladimir"]
[Black "Chernov, Vladimir E"]
[Result "1-0"]
[WhiteElo "2138"]
[BlackElo "2030"]
[PlyCount "53"]
[EventDate "2006.06.22"]
[EventType "swiss"]
[EventRounds "9"]
[EventCountry "RUS"]
[Source "lmi"]
[SourceDate "2006.06.29"]

1. c4 Nf6 2. Nc3 d5 3. d4 c6 4. cxd5 cxd5 5. Nf3 Nc6 6. Bf4 Qb6 7. Na4 Qb4+ 8.
Bd2 Qd6 9. e3 Bg4 10. Rc1 Rc8 11. Qb3 b6 12. Bb5 Bxf3 13. gxf3 Nd7 14. e4 Kd8
15. exd5 Ncb8 16. Rxc8+ Kxc8 17. O-O e5 18. dxe6 fxe6 19. Rc1+ Kd8 20. Nc3 Qxd4
21. Ne4 Nc5 22. Bg5+ Kc8 23. Qxe6+ Kb7 24. Qf7+ Ka8 25. Bc4 Nbd7 26. Bd5+ Kb8
27. Qe8+ 1-0

[Event "White Nights Open 2006"]
[Site "St. Petersburg RUS"]
[Date "2006.06.26"]
[Round "4.32"]
[White "Romanov, Vasily"]
[Black "Orlov, Oleg"]
[Result "1-0"]
[WhiteElo "1952"]
[BlackElo "2134"]
[PlyCount "75"]
[EventDate "2006.06.22"]
[EventType "swiss"]
[EventRounds "9"]
[EventCountry "RUS"]
[Source "lmi"]
[SourceDate "2006.06.29"]

1. d4 c6 2. c4 d5 3. Nf3 Nf6 4. Nc3 e6 5. Bg5 Nbd7 6. cxd5 exd5 7. Qc2 Be7 8.
e3 h6 9. Bf4 O-O 10. h3 Re8 11. Bd3 Bb4 12. Nd2 c5 13. O-O-O c4 14. Bf5 Nf8 15.
g4 Bxc3 16. bxc3 Qa5 17. Bxc8 Raxc8 18. g5 hxg5 19. Bxg5 Rc6 20. Kb1 b5 21.
Rhg1 Rb8 22. Bf4 b4 23. Bxb8 bxc3 24. Ka1 cxd2 25. Qxd2 c3 26. Qc2 N8d7 27. Rb1
Nb6 28. Be5 Nbd7 29. Rb7 Qa6 30. Rgb1 g6 31. f3 Rc8 32. Bxf6 Nxf6 33. Rb8 Kg7
34. Rxc8 Qxc8 35. h4 Qh3 36. Qf2 Qf5 37. Qe2 Qh3 38. Rc1 1-0

[Event "White Nights Open 2006"]
[Site "St. Petersburg RUS"]
[Date "2006.06.26"]
[Round "4.33"]
[White "Aseeva, Marina"]
[Black "Nikologorskiy, Konstantin"]
[Result "0-1"]
[WhiteElo "2131"]
[BlackElo "1946"]
[PlyCount "108"]
[EventDate "2006.06.22"]
[EventType "swiss"]
[EventRounds "9"]
[EventCountry "RUS"]
[Source "lmi"]
[SourceDate "2006.06.29"]

1. e4 c5 2. Nf3 d6 3. d4 cxd4 4. Nxd4 Nf6 5. Nc3 a6 6. Be3 e5 7. Nb3 Be6 8. Qd2
Be7 9. f3 Nbd7 10. O-O-O b5 11. g4 Nb6 12. g5 Nfd7 13. Kb1 b4 14. Nd5 Bxd5 15.
exd5 a5 16. Bb5 O-O 17. h4 Qc7 18. h5 a4 19. Nc1 Nc4 20. Bxc4 Qxc4 21. g6 fxg6
22. hxg6 hxg6 23. Rdg1 a3 24. Rg4 Qc7 25. Rxb4 axb2 26. Rxb2 Rxf3 27. Qe2 Rf5
28. Qg4 Kf7 29. Rg1 Nf8 30. Ne2 Rb8 31. Rb3 Rc8 32. c3 Qc4 33. Qxc4 Rxc4 34.
Rb7 Nh7 35. Kc2 Nf6 36. Kb3 Re4 37. a4 Rxe3 38. Rg2 Ne4 39. Kc4 Nc5 40. Ra7 Rf1
41. Kb5 Re4 42. a5 Ra4 43. Kc6 Ne4 44. Kb5 Rfa1 45. c4 R4a2 46. Rg1 Rb2+ 47.
Kc6 Ra4 48. Rf1+ Nf6 49. c5 Rc4 50. Rc1 Rbc2 51. Rxc2 Rxc2 52. a6 Rxc5+ 53. Kb7
Nxd5 54. Kb8 Nb4 0-1

[Event "White Nights Open 2006"]
[Site "St. Petersburg RUS"]
[Date "2006.06.26"]
[Round "4.34"]
[White "Borisova, Elizaveta"]
[Black "Kudriavtsev, Yury"]
[Result "1-0"]
[WhiteElo "2214"]
[BlackElo "1982"]
[PlyCount "87"]
[EventDate "2006.06.22"]
[EventType "swiss"]
[EventRounds "9"]
[EventCountry "RUS"]
[Source "lmi"]
[SourceDate "2006.06.29"]

1. e4 e6 2. Nf3 d5 3. Nc3 Nf6 4. e5 Nfd7 5. d4 c5 6. dxc5 Bxc5 7. Bd3 Nc6 8.
Bf4 a6 9. O-O Nf8 10. Re1 Bd7 11. Ne2 Qb6 12. Bg3 Nb4 13. a3 Nxd3 14. Qxd3 Ng6
15. Ned4 Be7 16. c3 O-O 17. Qe3 Rfc8 18. b4 Qc7 19. Rec1 h6 20. h4 b6 21. h5
Nf8 22. Bf4 Nh7 23. Kh1 Qd8 24. a4 b5 25. Nb3 Rc4 26. Nfd2 Rc6 27. Qg3 Kf8 28.
Be3 Qe8 29. f4 f5 30. Qf3 Qf7 31. Bc5 Be8 32. Nd4 Rcc8 33. N2b3 Kg8 34. Bxe7
Qxe7 35. Nc5 Bf7 36. Ra2 Nf8 37. g4 Nd7 38. Nxd7 Qxd7 39. gxf5 exf5 40. Rg2 Ra7
41. Rcg1 Qe8 42. Rxg7+ Kf8 43. Nxf5 Bxh5 44. Rg8+ 1-0

[Event "White Nights Open 2006"]
[Site "St. Petersburg RUS"]
[Date "2006.06.26"]
[Round "4.35"]
[White "Rumiantseva, Maria"]
[Black "Bazeev, German"]
[Result "1/2-1/2"]
[WhiteElo "2017"]
[BlackElo "2182"]
[PlyCount "95"]
[EventDate "2006.06.22"]
[EventType "swiss"]
[EventRounds "9"]
[EventCountry "RUS"]
[Source "lmi"]
[SourceDate "2006.06.29"]

1. d4 d5 2. Nf3 Nf6 3. g3 e6 4. Bg2 c5 5. O-O Nc6 6. b3 cxd4 7. Nxd4 Bc5 8. Bb2
O-O 9. e3 Qe7 10. Nd2 e5 11. Nxc6 bxc6 12. c4 Ba6 13. Re1 e4 14. Qc2 Rac8 15.
a3 Bd6 16. Qc3 Bb7 17. f3 exf3 18. Bxf3 Rcd8 19. b4 Rfe8 20. c5 Bb8 21. Nb3 Qf8
22. Nd4 Be5 23. Qc2 h5 24. Nf5 g6 25. Bxe5 Rxe5 26. Nd6 Ba8 27. e4 dxe4 28.
Bxe4 Qe7 29. Kf1 Nxe4 30. Rxe4 Qf6+ 31. Rf4 Rf5 32. Qc1 Rxf4+ 33. gxf4 Bb7 34.
Ra2 Ba6+ 35. Kg2 Qe6 36. Rf2 Qg4+ 37. Kh1 Be2 38. Qc3 Rd7 39. h3 Qe6 40. f5
Qd5+ 41. Kh2 Re7 42. fxg6 fxg6 43. Qf6 Qe5+ 44. Qxe5 Rxe5 45. Rf7 a6 46. Rc7
Bf3 47. Ra7 h4 48. Ra8+ 1/2-1/2

[Event "White Nights Open 2006"]
[Site "St. Petersburg RUS"]
[Date "2006.06.26"]
[Round "4.36"]
[White "Glazov, Anatoly"]
[Black "Krasnov, Vasiliy G"]
[Result "0-1"]
[WhiteElo "2004"]
[BlackElo "2141"]
[PlyCount "110"]
[EventDate "2006.06.22"]
[EventType "swiss"]
[EventRounds "9"]
[EventCountry "RUS"]
[Source "lmi"]
[SourceDate "2006.06.29"]

1. d4 d6 2. c4 e5 3. dxe5 dxe5 4. Qxd8+ Kxd8 5. Nf3 f6 6. e4 Be6 7. Nc3 Bb4 8.
Bd2 Nd7 9. O-O-O Bc5 10. Be1 c6 11. Na4 Bf8 12. Kb1 Kc7 13. Nd2 Nb6 14. Nxb6
axb6 15. Nb3 Nh6 16. f3 Nf7 17. Bf2 Be7 18. Be2 Ra4 19. c5 b5 20. Nc1 Rha8 21.
b3 Ra3 22. Rd2 Nd8 23. Rhd1 Bc8 24. g3 Ne6 25. Rc2 Bd7 26. Be3 Nf8 27. Nd3 Be6
28. Nb4 Bxb3 29. axb3 Rxb3+ 30. Rb2 Rxe3 31. Nd3 Ne6 32. Rdd2 Nxc5 33. Nc1 Na4
34. Rb3 Rxb3+ 35. Nxb3 Nc3+ 36. Kc1 c5 37. Rc2 Nxe2+ 38. Rxe2 c4 39. Rc2 Kb6
40. Nd2 Bb4 41. Nb1 Rd8 42. Rf2 Bc5 43. Rf1 Be3+ 44. Kc2 b4 45. f4 exf4 46.
gxf4 Kc5 47. Rf3 Rd3 48. Rf1 b5 49. e5 fxe5 50. fxe5 b3+ 51. Kb2 Bd4+ 52. Ka3
b4+ 53. Ka4 Bxe5 54. Re1 Bd6 55. Re8 Rd1 0-1

[Event "White Nights Open 2006"]
[Site "St. Petersburg RUS"]
[Date "2006.06.26"]
[Round "4.37"]
[White "Timchenko, Aleksandr"]
[Black "Penkov, Aleksey"]
[Result "1-0"]
[WhiteElo "2119"]
[BlackElo "2006"]
[PlyCount "101"]
[EventDate "2006.06.22"]
[EventType "swiss"]
[EventRounds "9"]
[EventCountry "RUS"]
[Source "lmi"]
[SourceDate "2006.06.29"]

1. Nf3 b5 2. g3 Bb7 3. Bg2 g6 4. O-O Bg7 5. c3 c5 6. d4 c4 7. a4 a6 8. axb5
axb5 9. Rxa8 Bxa8 10. Na3 Qb6 11. b3 Bd5 12. Nd2 Bxg2 13. Kxg2 Qc6+ 14. f3 d5
15. bxc4 bxc4 16. Nc2 Nf6 17. Nb4 Qb5 18. e4 O-O 19. exd5 Nxd5 20. Nxd5 Qxd5
21. Qe2 e5 22. dxe5 Bxe5 23. Nxc4 Bxc3 24. Rd1 Qh5 25. Ba3 Rc8 26. Nb6 Qa5 27.
Nxc8 Qxa3 28. Nd6 Qa4 29. Rd3 Ba5 30. Ra3 Qd7 31. Rxa5 Qxd6 32. Ra8 f6 33. Qb2
Kg7 34. Rxb8 Kh6 35. Rb6 Qd3 36. Rxf6 Kh5 37. Rf4 Qd5 38. Re4 Qd3 39. Qc1 g5
40. h4 h6 41. g4+ Kg6 42. h5+ Kf6 43. Qb2+ Kf7 44. Qe5 Qd8 45. Qf5+ Kg7 46.
Qg6+ Kf8 47. Qxh6+ Kf7 48. Qe6+ Kg7 49. Qe7+ Qxe7 50. Rxe7+ Kh6 51. Re6+ 1-0

[Event "White Nights Open 2006"]
[Site "St. Petersburg RUS"]
[Date "2006.06.26"]
[Round "4.38"]
[White "Gnidenko, Andrey"]
[Black "Tukan, Ekaterina"]
[Result "1-0"]
[WhiteElo "2095"]
[BlackElo "1974"]
[PlyCount "109"]
[EventDate "2006.06.22"]
[EventType "swiss"]
[EventRounds "9"]
[EventCountry "RUS"]
[Source "lmi"]
[SourceDate "2006.06.29"]

1. d4 d5 2. c4 e6 3. Nc3 Nf6 4. cxd5 exd5 5. Bg5 Be7 6. e3 c6 7. Qc2 Nbd7 8.
Bd3 O-O 9. Nf3 Re8 10. h4 Nf8 11. O-O-O Be6 12. Kb1 Qa5 13. Ne5 Rac8 14. f4 Ne4
15. Bxe7 Rxe7 16. Nxe4 dxe4 17. Bc4 Bd5 18. g4 Rec7 19. g5 Qb4 20. a3 Qe7 21.
f5 f6 22. Ng4 fxg5 23. Qb3 Rd8 24. Rdf1 gxh4 25. Rhg1 Kh8 26. Bxd5 cxd5 27. Ka2
Rd6 28. f6 gxf6 29. Nh6 Ng6 30. Nf5 Qd7 31. Nxd6 Qxd6 32. Rf5 Ne7 33. Rh5 b6
34. Rg4 f5 35. Rgxh4 Ng6 36. Rh1 Rd7 37. Rxf5 Qe6 38. Rhf1 Kg7 39. Qc2 Re7 40.
Qf2 Qg8 41. Qg3 Qe6 42. Qg5 Rd7 43. Rf6 Qe8 44. Qf5 Qe7 45. Rc6 Qe8 46. Qf6+
Kg8 47. Qe6+ Qxe6 48. Rxe6 Kg7 49. Rf5 Ne7 50. Rg5+ Ng6 51. Ree5 h6 52. Rxd5
Rxd5 53. Rxd5 Kf6 54. Kb3 Nh4 55. Re5 1-0

[Event "White Nights Open 2006"]
[Site "St. Petersburg RUS"]
[Date "2006.06.26"]
[Round "4.39"]
[White "Lysiniuk, Leonid"]
[Black "Bogdanov, Andrei"]
[Result "0-1"]
[WhiteElo "2003"]
[BlackElo "2089"]
[PlyCount "80"]
[EventDate "2006.06.22"]
[EventType "swiss"]
[EventRounds "9"]
[EventCountry "RUS"]
[Source "lmi"]
[SourceDate "2006.06.29"]

1. e4 d6 2. d4 Nf6 3. Nc3 g6 4. f4 Bg7 5. Nf3 c6 6. Be3 b5 7. Bd3 b4 8. Ne2 a5
9. h3 Ba6 10. c4 d5 11. e5 Ne4 12. b3 f5 13. c5 Bxd3 14. Qxd3 e6 15. Bf2 Bf8
16. Bh4 Be7 17. Bxe7 Qxe7 18. h4 h6 19. Nd2 Na6 20. Nxe4 dxe4 21. Qh3 O-O-O 22.
Kf2 Nxc5 23. dxc5 Rd3 24. g3 Qxc5+ 25. Kg2 Qe3 26. Rhe1 Rd2 27. Kh1 Rxe2 28.
Qf1 Rxe1 29. Rxe1 Qd3 30. Qf2 Qf3+ 31. Qxf3 exf3 32. Rc1 Kc7 33. Kg1 Rd8 34.
Rc2 h5 35. Kf2 Rd3 36. g4 fxg4 37. f5 gxf5 38. Kg3 Rd4 39. a3 f4+ 40. Kh2 g3+
0-1

[Event "White Nights Open 2006"]
[Site "St. Petersburg RUS"]
[Date "2006.06.26"]
[Round "4.40"]
[White "Meiling, Yakov"]
[Black "Gugnin, Rostislav"]
[Result "1-0"]
[WhiteElo "1974"]
[BlackElo "2088"]
[PlyCount "83"]
[EventDate "2006.06.22"]
[EventType "swiss"]
[EventRounds "9"]
[EventCountry "RUS"]
[Source "lmi"]
[SourceDate "2006.06.29"]

1. d4 Nf6 2. c4 g6 3. Nc3 Bg7 4. e4 d6 5. f3 O-O 6. Be3 e5 7. Nge2 Nc6 8. d5
Ne7 9. Ng3 Ne8 10. Qd2 f5 11. exf5 Nxf5 12. Nxf5 Bxf5 13. g4 Bd7 14. Be2 Qh4+
15. Bf2 Qh3 16. Ne4 Bh6 17. g5 Bg7 18. O-O-O b5 19. Rdg1 bxc4 20. Rg3 Qf5 21.
h4 Rb8 22. h5 Qf7 23. hxg6 hxg6 24. Bxc4 Bf5 25. Be3 Qd7 26. Qa5 Qc8 27. Ba6
Qd7 28. Bxa7 Ra8 29. Bb7 Rxa7 30. Qxa7 Qb5 31. Qa6 Qb4 32. a3 Qb3 33. Rhg1 Qe3+
34. Kb1 Bxe4+ 35. fxe4 Qxe4+ 36. Ka2 Qf4 37. Bc6 e4 38. Qc8 Qe5 39. Qe6+ Qxe6
40. dxe6 Rf2 41. Rb3 Kf8 42. Rb8 1-0

[Event "White Nights Open 2006"]
[Site "St. Petersburg RUS"]
[Date "2006.06.26"]
[Round "4.41"]
[White "Kopasov, Alexander"]
[Black "Nikologorsky, Matfei"]
[Result "1-0"]
[WhiteElo "1959"]
[BlackElo "2075"]
[PlyCount "95"]
[EventDate "2006.06.22"]
[EventType "swiss"]
[EventRounds "9"]
[EventCountry "RUS"]
[Source "lmi"]
[SourceDate "2006.06.29"]

1. d4 d5 2. c4 c6 3. Nf3 Nf6 4. Nc3 a6 5. c5 Bf5 6. Bf4 Nbd7 7. e3 e6 8. Nd2
Be7 9. Be2 O-O 10. g4 Bg6 11. h4 h6 12. g5 hxg5 13. hxg5 Nh7 14. Bh5 Nxg5 15.
Bxg6 fxg6 16. Qg4 Rf5 17. Bxg5 Bxg5 18. f4 Nf6 19. Qg2 Bh6 20. Qxg6 Kf8 21. Ne2
Ng8 22. Qxe6 Rf6 23. Qg4 Qe7 24. Nf1 Re8 25. O-O-O Rb8 26. Nc3 Qf7 27. Na4 Rg6
28. Qh3 Nf6 29. Nb6 Rd8 30. Nd2 Ng4 31. Nf3 Kg8 32. Ng5 Qf5 33. Rdg1 Bxg5 34.
Qxg4 Qe4 35. fxg5 Qxe3+ 36. Kb1 Rf8 37. Qh3 Qe4+ 38. Ka1 Rf3 39. Qc8+ Rf8 40.
Rh8+ Kxh8 41. Qxf8+ Kh7 42. a3 Re6 43. Nd7 Kg6 44. Ne5+ Rxe5 45. dxe5 Qxe5 46.
Qd6+ Qxd6 47. cxd6 Kf7 48. Re1 1-0